000 00468nam a22001697a 4500
003 NUST - PNEC
005 20170116181158.0
008 160118b xxu||||| |||| 00| 0 eng d
020 _a9780470711224
040 _cLILBRARY
082 _a621.384 GLI
100 _916094
_aGlisic, Savo G.
245 _aAdvanced wireless communications & Internet : future evolving technologies
_cSavo G. Glisic,
260 _cc2011.
650 _916095
_a-
_xEPE
942 _2ddc
_cBK
999 _c71302
_d71302